Globálna ekonomická a finančná kríza a jej dopad na ekonomiku SR bakalárska práca

Saved in:
Bibliographic Details
Main Author: Cibuľa, Lukáš
Corporate Author: Národohospodárska fakulta EU. Katedra financií
Other Authors: Hocman, František, 1983-
Format: Book
Language:Slovak
Published: Bratislava 2018
Tags: Add Tag
No Tags, Be the first to tag this record!

MARC

LEADER 00000nbm a2200000 4500
001 0247248
005 20181213104407.9
041 0 |a slo 
044 |a SK 
245 1 0 |a Globálna ekonomická a finančná kríza a jej dopad na ekonomiku SR  |b bakalárska práca  |c Lukáš Cibuľa ; školiteľ: František Hocman 
264 1 |a Bratislava  |c 2018 
300 |a 64 s. 
100 1 |a Cibuľa, Lukáš 
700 1 |a Hocman, František, 1983- 
710 2 |a Národohospodárska fakulta EU. Katedra financií